000 00770cam a2200253 04500
001 6071
010 _a972750051X
021 _b90912/95
090 _a6071
100 _a20211231d1995 c||y0pory5003 ba
200 1 _aO livro da selva
_fDisney
_gtrad. e adapt. Ana Maria Guedes, Rui Guedes
210 9 _aCabra Figa, Rio de Mouro
_cEverest,
_dD.L. 1995
215 _a[48] p.
_cil.
_d28 cm
225 2 _aNova Antologia Disney
606 _914
_aLiteratura infantil
606 _913
_aLiteratura Estrangeira
675 _a82-93
_vBN
_zpor
675 _a821.1/.8
_vBN
_zpor
700 _aDisney
_bWalt
_f1901-1966
_94625
702 _aGuedes
_bAna Maria
_f1954-
_93264
702 _aGuedes
_bRui
_f1946-2001
_93265
801 0 _aPT
_bBMVN
_gRPC
830 _cAna Caetano
_d31/12/2021
990 _cLIVROS